000 00951nam a2200277Ia 4500
003 OSt
005 20220928130602.0
006 a|||||r|||| 00| 0
007 ta
008 220927b |||||||| |||| 00| 0 eng d
020 _a9780000988843
_cINR 1595.00
024 _a146304
037 _b31, 17/12/2021, Excel Book International
_cTextual
040 _aSDCL
_cSDCL
_beng
041 _2eng
_aeng
082 _aB25,1, R0
100 _aSengupta Debasis
_9474837
245 0 _aLinear models and regrssion with R
_b An integrated approach
260 _aChennai
_bWorld Scientific
_c2020
300 _axxi,750p.
_ccm.
490 _aSeries on multivariate analysis (Vol.11)
650 _aBusiness Economics and Finance
700 _a Jammalamadaka Sreenivasa Rao
_9474838
942 _hB25,1, R0
_cTEXL
_2CC
999 _c787396
_d787396